Statistiques concernant Personnalités photographiées avec Valéry Giscard d'Estaing

Cliquez ici pour prendre le quiz!

Statistiques générales

  • Ce quiz a été pris 878 fois
  • Le résultat moyen est 12 sur 20

Statistiques - réponses

Réponse% Correct
Nicolas Sarkozy
97%
Jacques Chirac
94%
Simone Veil
94%
Charles de Gaulle
93%
John F. Kennedy
92%
Elizabeth II
90%
François Mitterrand
90%
Claude François
87%
Diana Spencer
86%
Michel Drucker
86%
Casimir
70%
Laurent Delahousse
61%
Alain Delon
57%
Ronald Reagan
42%
Anne-Aymone Giscard d'Estaing
23%
Jean-Louis Debré
22%
Yvette Horner
20%
Jean-Bedel Bokassa
14%
Deng Xiaoping
11%
Louis Giscard d'Estaing
8%

Distribution des résultats

Percentile par nombre de réponses

% des personnes avec chaque résultat

Votre développement - résultats

Vous n’avez pas pris ce quiz